000 00685nam a2200265Ia 4500
003 OSt
005 20221007105049.0
006 a|||||r|||| 00| 0
007 ta
008 221006b |||||||| |||| 00| 0 eng d
024 _a17,522
037 _cTextual
040 _aLCO
_cLCO
_beng
041 _2eng
_aeng
082 _aZ2,345, N3
100 _aAvtar Singh
245 0 _aLaw of Sales of Goods and Hire Purchase
250 _a4th
260 _aLucknow
_bEastern Book Co. India
_c1993
300 _a184
650 _a SALE OF GOODS
_9461698
650 _aSALE OF GOODS
_9461698
942 _hZ2,345, N3
_cTEXL
999 _c1187085
_d1187085